[Event "CZE Juniorcentrum op-A"]
[Site "Sec u Chrudimi"]
[Date "2005.10.25"]
[Round "4"]
[White "Rosecky, Tomas"]
[Black "Pospisil, Ales"]
[Result "0-1"]
[WhiteElo "1962"]
[BlackElo "2029"]
[PlyCount "44"]
[EventDate "2005.10.22"]
[EventType "swiss"]
[EventRounds "9"]
[EventCountry "CZE"]
[SourceTitle "EXT 2008"]
[Source "ChessBase"]
[SourceDate "2007.11.25"]
[SourceVersion "1"]
[SourceVersionDate "2007.11.25"]
[SourceQuality "1"]

1. g3 d5 2. Bg2 Nf6 3. b3 e6 4. Bb2 b6 5. Nf3 Bb7 6. 0-0 Be7 7. e3 Nbd7 8. Na3 c5 9. c4 0-0 10. d4 Rc8 11. Rc1 dxc4 12. Nxc4 b5 13. Nce5 Nxe5 14. Nxe5 Bxg2 15. Kxg2 Qd5+ 16. Qf3 c4 17. bxc4 bxc4 18. Rxc4 Rxc4 19. Qxd5 exd5 20. Nxc4 dxc4 21. Rc1 Rc8 22. f3 Nd5 0-1

[Event "CZE Juniorcentrum op-A"]
[Site "Sec u Chrudimi"]
[Date "2005.10.22"]
[Round "1"]
[White "Rosecky, Tomas"]
[Black "Janousek, Petr"]
[Result "0-1"]
[WhiteElo "1962"]
[BlackElo "2183"]
[PlyCount "54"]
[EventDate "2005.10.22"]
[EventType "swiss"]
[EventRounds "9"]
[EventCountry "CZE"]
[SourceTitle "EXT 2008"]
[Source "ChessBase"]
[SourceDate "2007.11.25"]
[SourceVersion "1"]
[SourceVersionDate "2007.11.25"]
[SourceQuality "1"]

1. e4 g6 2. d4 Bg7 3. g3 d5 4. e5 c5 5. c3 Nc6 6. Bg2 h5 7. dxc5 Nxe5 8. Nf3 Bg4 9. h3 Bxf3 10. Bxf3 Nxf3+ 11. Qxf3 Nf6 12. 0-0 Qc8 13. Kg2 Qxc5 14. Na3 0-0 15. Be3 Qc6 16. Bd4 Ne4 17. Rfd1 e5 18. Be3 Rfd8 19. g4 hxg4 20. hxg4 Nf6 21. Rh1 d4 22. Qxc6 bxc6 23. Bg5 dxc3 24. bxc3 Rd3 25. Rh3 Rxh3 26. Kxh3 Ne4 27. Be3 Nxc3 0-1